Settling rental and other retail lease disputes by expert determination (Record no. 80622)

MARC details
000 -LEADER
fixed length control field 01029cab a22001935a 4500
001 - CONTROL NUMBER
control field L144877
008 - FIXED-LENGTH DATA ELEMENTS--GENERAL INFORMATION
fixed length control field 080815s2006 xxk f v 000 0 eng d
035 ## - SYSTEM CONTROL NUMBER
System control number (Sirsi) u144877
041 0# - LANGUAGE CODE
Language code of text/sound track or separate title eng
100 1# - MAIN ENTRY--PERSONAL NAME
Personal name Gilbert, Don.E
245 00 - TITLE STATEMENT
Title Settling rental and other retail lease disputes by expert determination
Medium [electronic resource]
260 ## - PUBLICATION, DISTRIBUTION, ETC.
Place of publication, distribution, etc. London
Name of publisher, distributor, etc. RICS
Date of publication, distribution, etc. 2008
520 ## - SUMMARY, ETC.
Summary, etc. Focusing on the retail sector, examines the role, challenges and pitfalls of settling rental disputes under the process of independent expert determination. This article was originally prepared for rental determinations in the Australian market, however many of the principles and procedures referenced may be relevant for other markets.
590 ## - LOCAL NOTE (RLIN)
Local note KA
651 #4 - SUBJECT ADDED ENTRY--GEOGRAPHIC NAME
Geographic name Australia
690 ## - LOCAL SUBJECT ADDED ENTRY--TOPICAL TERM (OCLC, RLIN)
Topical term or geographic name as entry element MANAGEMENT-DISPUTE AVOIDANCE, MANAGEMENT AND RESOLUTION-DISPUTE MANAGEMENT AND RESOLUTION-ARBITRATION
856 40 - ELECTRONIC LOCATION AND ACCESS
Uniform Resource Identifier <a href="https://www.rics.org/site/scripts/download_info.aspx?fileID=283&categoryID=533">https://www.rics.org/site/scripts/download_info.aspx?fileID=283&categoryID=533</a>
Public note View the consultation at www.rics.org...
942 ## - ADDED ENTRY ELEMENTS (KOHA)
Suppress in OPAC 0
Holdings
Withdrawn status Lost status Source of classification or shelving scheme Damaged status Not for loan Home library Current library Shelving location Date acquired Total Checkouts Full call number Barcode Date last seen Copy number Price effective from Koha item type
    Dewey Decimal Classification     Virtual Virtual Online 15/08/2008   ONLINE PUBLICATION 144877-1001 06/08/2019 1 06/08/2019 Journal article